000 00895nam a2200229Ia 4500
005 20250622124037.0
008 250617s9999||||xx |||||||||||||| ||ara||
017 _a17959
_bمصر. دار الكتب
020 _a9789778812572
082 0 4 _a"070,1"
_bهـ ث
100 0 _aهيثم أحمد خطاب
245 1 0 _aالثورة الرقمية :
_bالمستحدثات التكنولوجية وتصميم المواقع الإخبارية /
_cهيثم أحمد خطاب
250 _aط1
260 3 _aالقاهرة :
_b"دار العلا للنشر والتوزيع,"
_c2025.
300 _a269ص ؛
_b
_c24سم.
650 _aالأنباء
_x تكنولوجيا
650 _aالتكنولوجيا
650 _aالتكنولوجيا
_x خدمات المعلومات
650 _aالمواقع الإخبارية
_x تصميم
942 _cBK
999 _c67671
_d67671